000 00965nam a2200265Ia 4500
003 OSt
005 20221005104831.0
006 a|||||r|||| 00| 0
007 ta
008 221004b |||||||| |||| 00| 0 hin d
020 _a9788189997052 (hbk)
_c495
024 _a122079
037 _b13329, 17/07/2012, Kitab Ghar
_cTextual
040 _aCRL
_cCRL
_bhin
041 _2hin
_ahin
082 _a40aY:1, 152P8
100 _aगौतम, रुपचन्द, संपा.
245 0 _aमीडिया और संस्कृति
246 _aMīḍiyā aur sanskṛuti
260 _aदिल्ली
_bश्री नटराज प्रकाशन भारत
_c2008
300 _a264पृ0
_ccm.
650 _aभारतीय-लोक साहित्य
942 _h40aY:1, 152P8
_cTEXL
_2cc
999 _c1013932
_d1013932